000 00843nam a2200229 i 4500
001 116593
003 ES-MaACL
005 20250505204017.0
007 t|
008 061121s1979 sp r ||||1| spa d
080 _a331.152(4-15)
245 0 3 _aLa participación de los trabajadores en la empresa /
_c[selección de textos y documentos realizada bajo la dirección de Luis Enrique de la Villa].
260 _aMadrid :
_bInstituto de Estudios Económicos,
_c1979.
300 _a95 p. ;
_c30 cm.
490 1 _aTextos y documentos ;
_v1
650 _aParticipación de los trabajadores.
_915852
700 1 _aVilla Gil, Luis Enrique de la,
_d1935-
_9114883
710 2 _aInstituto de Estudios Económicos (Madrid)
_94899
830 1 _aTextos y documentos ;
_v1
_9177664
852 4 _aES-MaACL
_jL-469
999 _c116593
_d116593